Clic Quiz pour les Génies #12 - Statistiques

Statistiques générales
  • Ce quiz a été pris 31 fois
  • Le résultat moyen est 7 sur 20
Statistiques - réponses
Hint Explanation Réponse % Correct
D A B = 7
F A F = 13
? ? ? = 17
A=1 B=2 ------ Z=26
Il fallait convertir en lettres et additionner les valeurs pour obtenir les résultats

4 + 1 + 2 = 7
6 + 1 + 6 = 13
2 + 1 + 14 = 17
BAN
59%
???TER
BON???
PHLE???TASIE
BECTER
BONBEC
PHLEBECTASIE
BEC
55%
??? en or en 1385 = 3,95 grammes L'écu d'or à la couronne de Charles VI fut créé le 11 mars 1385. Huit émissions sont connues. Le poids de ce écu en or était de 3,95 grammes et sa valeur de 22 sols tournois. ECU
52%
Terre 🜃
Eau 🜄
??? 🜁
L'alchimie occidentale a également recours aux quatre éléments classiques, dont les symboles sont :
l'Air 🜁
la Terre 🜃
le Feu 🜂
l'Eau 🜄

Le Feu, qui est dans une des propositions, est volontairement absent de l'énoncé
AIR
48%
HORIZONTALE + VERTICALE = TOUR

DIAGONALE = ???
Le fou (♗, ♝) est une pièce du jeu d'échecs se déplaçant en diagonale. (et la Tour en horizontale et verticale) FOU
48%
161925 = PSY
262120 = ???
Ce sont le rang des 3 lettres dans l'alphabet mis à la suite ZUT
48%
??? :
N° 26
ma = 55,84u
Le fer est l'élément chimique de numéro atomique 26.
La masse atomique standard du fer est de 55,845(2) u
FER
41%
YAK KWA ZEK KYU WAX ??? Ce sont les mots de 3 lettres qui rapportent le plus au scrabble (21 points) WOK
41%
C- - - - - - - - - - -?
- - R - - - - - - E- -
- - - - ?- - -? - - - -
- - - - - - I - - - - - -
- - - - S - - S - - - -
- - S - - - - - - E - -
E - - - - - - - - - - S
MOT pour compléter CROISES ET METISSE MOT
38%
BLEU+NOIR+VERT+ROUGE = ??? Le Bic 4 couleurs est un stylo iconique commercialisé à partir du tournant des années 1970 par la marque Bic réunissant 4 sources d'encre de couleurs différentes (généralement bleu, noir, vert et rouge) en un seul stylo BIC
34%
0 en danois = ??? Traduction de zéro en danois NUL
34%
Inser ⇱ ⇞
Suppr ??? ⇟
Ce sont les Touches de défilement sur un clavier français FIN
31%
en écuelle
en sébile
au ???
Il s'agit de la coupe de cheveux au bol qui est aussi appelé coupe en écuelle ou coupe en sébile BOL
28%
PAILLE / BOIS / COUP / ??? Mot code de la salle des trésors de Fort Boyard FEU
24%
Thomas A. Anderson = ??? Nom et Surnom du personnage dans MATRIX interprété par Keanu Reeves NEO
24%
01170 = ???
84400 = APT
Code Postal de GEX GEX
21%
SUD DOS POP ORS ??? Ce sont des mots composés uniquement de lettres avec au moins une partie arrondie JUS
21%
???

Il s'agit du blason de la ville de GAP GAP
17%
NU
------------------------------------------
SORTI
TRAQUE
------------------------------------------
------------------------------------------
???S
Il y a 7 lignes avec des anagrammes de UN, TROIS, QUATRE et donc SEPT PET
10%
NON en chinois NON
3%
Aucun quiz correspondant
Distribution des résultats
% des personnes avec chaque résultat
Percentile par nombre de réponses
Votre historique - résultats
Vous n’avez pas pris ce quiz